[Event "Portugal Open 2020"]
[Site "Lisboa POR"]
[Date "2020.01.31"]
[Round "8.31"]
[White "BUTKIEWICZ, Lukasz"]
[Black "GUERREIRO, Nuno"]
[Result "1-0"]
[BlackElo "2071"]
[WhiteElo "2416"]
[LiveChessVersion "1.4.8"]

1. e4 Nc6 {[%clk 1:13:52]} 2. Nf3 {[%clk 1:31:16]} Nf6 {[%clk 1:12:55]} 3. e5
{[%clk 1:31:37]} Ng4 {[%clk 1:12:58]} 4. d4 {[%clk 1:31:57]} d6 {[%clk 1:13:24]}
5. h3 {[%clk 1:32:18]} Nh6 {[%clk 1:13:51]} 6. Nc3 {[%clk 1:32:20]} a6
{[%clk 1:05:20]} 7. Bg5 {[%clk 1:32:22]} dxe5 {[%clk 0:58:20]} 8. d5
{[%clk 1:30:20]} Nb8 {[%clk 0:58:31]} 9. Nxe5 {[%clk 1:27:47]} Nf5
{[%clk 0:54:46]} 10. Bd3 {[%clk 1:03:30]} g6 {[%clk 0:48:31]} 11. g4
{[%clk 0:58:10]} Nd6 {[%clk 0:48:01]} 12. Qe2 {[%clk 0:56:46]} Bg7
{[%clk 0:45:21]} 13. Nf3 {[%clk 0:55:54]} c6 {[%clk 0:32:05]} 14. O-O-O
{[%clk 0:48:18]} h6 {[%clk 0:27:08]} 15. Be3 {[%clk 0:46:25]} O-O
{[%clk 0:19:02]} 16. Qd2 {[%clk 0:45:24]} Kh7 {[%clk 0:18:58]} 17. Rdg1
{[%clk 0:45:30]} Qa5 {[%clk 0:18:09]} 18. h4 {[%clk 0:41:27]} Bxc3
{[%clk 0:16:12]} 19. Qxc3 {[%clk 0:41:15]} Qxc3 {[%clk 0:16:15]} 20. bxc3
{[%clk 0:41:34]} Kg7 {[%clk 0:13:42]} 21. c4 {[%clk 0:34:45]} cxd5
{[%clk 0:11:28]} 22. cxd5 {[%clk 0:35:10]} b5 {[%clk 0:11:52]} 23. h5
{[%clk 0:29:30]} g5 {[%clk 0:12:08]} 24. Nd4 {[%clk 0:27:36]} Bb7
{[%clk 0:11:39]} 25. f4 {[%clk 0:27:45]} Bxd5 {[%clk 0:09:22]} 26. fxg5
{[%clk 0:28:10]} Bxh1 {[%clk 0:08:06]} 27. gxh6+ {[%clk 0:28:34]} Kh8
{[%clk 0:07:16]} 28. Rxh1 {[%clk 0:28:47]} e5 {[%clk 0:03:45]} 29. Nf5
{[%clk 0:25:22]} Nxf5 {[%clk 0:03:34]} 30. Bxf5 {[%clk 0:25:48]} Nc6
{[%clk 0:03:58]} 31. g5 {[%clk 0:25:02]} Nd4 {[%clk 0:01:05]} 32. Be4
{[%clk 0:21:11]} Rad8 {[%clk 0:00:44]} 33. g6 {[%clk 0:21:02]} Kg8
{[%clk 0:00:40]} 34. h7+ {[%clk 0:19:08]} Kh8 {[%clk 0:00:59]} 35. Bh6
{[%clk 0:19:21]} fxg6 {[%clk 0:00:47]} 36. hxg6 {[%clk 0:19:16]} Ne6
{[%clk 0:00:34]} 37. Bxf8 {[%clk 0:18:57]} Rxf8 {[%clk 0:01:03]} 38. Rh5
{[%clk 0:17:26]} Rf1+ {[%clk 0:01:04]} 39. Kb2 {[%clk 0:17:16]} Nc5
{[%clk 0:00:31]} 40. g7+ {[%clk 0:17:31]} 1-0

[Event "Portugal Open 2020"]
[Site "Lisboa POR"]
[Date "2020.01.31"]
[Round "8.32"]
[White "VASLI, Aref"]
[Black "MARIC, Boris"]
[Result "1-0"]
[BlackElo "2034"]
[WhiteElo "2391"]
[LiveChessVersion "1.4.8"]

1. e4 {[%clk 1:28:52]} e5 {[%clk 1:30:49]} 2. Nf3 {[%clk 1:28:58]} Nc6
{[%clk 1:31:12]} 3. Bb5 {[%clk 1:29:20]} a6 {[%clk 1:31:36]} 4. Ba4
{[%clk 1:29:42]} Nf6 {[%clk 1:31:57]} 5. O-O {[%clk 1:30:02]} Be7
{[%clk 1:32:19]} 6. Re1 {[%clk 1:30:26]} b5 {[%clk 1:32:38]} 7. Bb3
{[%clk 1:30:50]} d6 {[%clk 1:33:01]} 8. c3 {[%clk 1:31:15]} O-O {[%clk 1:33:23]}
9. h3 {[%clk 1:31:25]} Nb8 {[%clk 1:33:34]} 10. d4 {[%clk 1:31:46]} Nbd7
{[%clk 1:33:54]} 11. Nbd2 {[%clk 1:32:04]} Bb7 {[%clk 1:34:11]} 12. Bc2
{[%clk 1:32:26]} Re8 {[%clk 1:34:29]} 13. Nf1 {[%clk 1:32:49]} Bf8
{[%clk 1:34:49]} 14. Ng3 {[%clk 1:33:12]} g6 {[%clk 1:35:10]} 15. Bg5
{[%clk 1:33:33]} c5 {[%clk 1:32:00]} 16. d5 {[%clk 1:29:53]} c4 {[%clk 1:31:26]}
17. Qc1 {[%clk 1:30:08]} Nc5 {[%clk 1:25:18]} 18. h4 {[%clk 1:23:03]} h5
{[%clk 1:14:52]} 19. a4 {[%clk 1:13:53]} Be7 {[%clk 1:11:42]} 20. Be3
{[%clk 1:09:17]} Qc7 {[%clk 1:04:27]} 21. Ng5 {[%clk 1:08:23]} Ng4
{[%clk 0:56:45]} 22. Bd2 {[%clk 1:04:22]} bxa4 {[%clk 0:50:33]} 23. Nf1
{[%clk 0:59:30]} Nb3 {[%clk 0:48:43]} 24. Bxb3 {[%clk 0:59:51]} axb3
{[%clk 0:49:07]} 25. Ne3 {[%clk 0:56:32]} Bc8 {[%clk 0:46:48]} 26. Qd1
{[%clk 0:48:36]} a5 {[%clk 0:43:28]} 27. Qf3 {[%clk 0:33:15]} Rf8
{[%clk 0:42:43]} 28. Qg3 {[%clk 0:33:06]} a4 {[%clk 0:35:30]} 29. Ra3
{[%clk 0:27:06]} Nxe3 {[%clk 0:34:22]} 30. Bxe3 {[%clk 0:26:55]} Bf6
{[%clk 0:31:44]} 31. Rea1 {[%clk 0:26:18]} Bd7 {[%clk 0:30:15]} 32. f4
{[%clk 0:18:40]} exf4 {[%clk 0:26:25]} 33. Bxf4 {[%clk 0:19:00]} Be5
{[%clk 0:20:17]} 34. Bxe5 {[%clk 0:13:11]} dxe5 {[%clk 0:20:45]} 35. Nf3
{[%clk 0:12:52]} Rae8 {[%clk 0:20:30]} 36. Kh1 {[%clk 0:12:31]} Qd6
{[%clk 0:16:18]} 37. Nd2 {[%clk 0:12:21]} Qc5 {[%clk 0:13:45]} 38. Rf1
{[%clk 0:12:49]} Kg7 {[%clk 0:13:08]} 39. Raa1 {[%clk 0:11:17]} f6
{[%clk 0:12:50]} 40. Rf5 {[%clk 0:09:46]} Kh7 {[%clk 0:11:51]} 41. Rf2
{[%clk 0:10:14]} Bb5 {[%clk 0:09:10]} 42. Raf1 {[%clk 0:09:14]} Qd6
{[%clk 0:09:31]} 43. Nb1 {[%clk 0:09:08]} Ra8 {[%clk 0:08:10]} 44. Na3
{[%clk 0:09:33]} Ba6 {[%clk 0:08:33]} 45. Qe3 {[%clk 0:09:57]} Kg7
{[%clk 0:07:58]} 46. Rg1 {[%clk 0:08:05]} f5 {[%clk 0:01:13]} 47. exf5
{[%clk 0:07:49]} Rxf5 {[%clk 0:01:08]} 48. Rxf5 {[%clk 0:07:53]} gxf5
{[%clk 0:01:37]} 49. Qg5+ {[%clk 0:08:09]} Qg6 {[%clk 0:01:42]} 50. Qe7+
{[%clk 0:08:18]} Kh6 {[%clk 0:01:35]} 51. Qxe5 {[%clk 0:08:29]} Re8
{[%clk 0:01:41]} 52. Qf4+ {[%clk 0:08:17]} Kh7 {[%clk 0:02:05]} 53. Rf1
{[%clk 0:07:00]} Re4 {[%clk 0:00:47]} 54. Qc7+ {[%clk 0:07:00]} Kh6
{[%clk 0:00:58]} 55. Qd8 {[%clk 0:04:52]} Rxh4+ {[%clk 0:00:44]} 56. Qxh4
{[%clk 0:05:06]} 1-0

[Event "Portugal Open 2020"]
[Site "Lisboa POR"]
[Date "2020.01.31"]
[Round "8.33"]
[White "FERNANDES, Alberto"]
[Black "GAHAN, M G"]
[Result "0-1"]
[BlackElo "2245"]
[WhiteElo "2092"]
[LiveChessVersion "1.4.8"]

1. b3 {[%clk 1:10:02]} e5 {[%clk 1:29:50]} 2. Bb2 {[%clk 1:08:52]} Nc6
{[%clk 1:30:14]} 3. e3 {[%clk 1:09:15]} Nf6 {[%clk 1:30:38]} 4. Bb5
{[%clk 1:09:31]} Bd6 {[%clk 1:31:02]} 5. Nc3 {[%clk 1:07:38]} a6 {[%clk 1:31:22]}
6. Bxc6 {[%clk 1:03:14]} dxc6 {[%clk 1:31:44]} 7. e4 {[%clk 1:03:37]} O-O
{[%clk 1:29:44]} 8. Nge2 {[%clk 1:02:42]} Re8 {[%clk 1:23:37]} 9. O-O
{[%clk 1:00:32]} Bc5 {[%clk 1:22:16]} 10. Ng3 {[%clk 0:55:44]} Bg4
{[%clk 1:21:45]} 11. Nce2 {[%clk 0:52:17]} Qd7 {[%clk 1:18:37]} 12. d3
{[%clk 0:50:37]} h5 {[%clk 1:18:07]} 13. h4 {[%clk 0:40:31]} Rad8
{[%clk 1:18:12]} 14. Kh1 {[%clk 0:37:00]} Qe7 {[%clk 1:17:07]} 15. Nf5
{[%clk 0:34:22]} Bxf5 {[%clk 1:17:25]} 16. exf5 {[%clk 0:34:38]} Ng4
{[%clk 1:17:35]} 17. g3 {[%clk 0:30:40]} Bxf2 {[%clk 1:17:56]} 18. f6
{[%clk 0:25:36]} Qd7 {[%clk 1:16:44]} 19. Ng1 {[%clk 0:24:35]} Qd5+
{[%clk 1:10:48]} 20. Qf3 {[%clk 0:24:36]} Bxg3 {[%clk 1:10:44]} 21. fxg7
{[%clk 0:23:40]} Bxh4 {[%clk 1:10:27]} 22. Qxd5 {[%clk 0:23:32]} cxd5
{[%clk 1:10:47]} 23. Rf5 {[%clk 0:23:48]} Kxg7 {[%clk 1:10:50]} 24. Rxh5
{[%clk 0:24:00]} Rh8 {[%clk 1:10:53]} 25. Rxh8 {[%clk 0:23:45]} Rxh8
{[%clk 1:11:20]} 26. Kg2 {[%clk 0:23:55]} f5 27. c4 {[%clk 0:24:03]} d4
{[%clk 1:08:35]} 28. Nf3 {[%clk 0:24:14]} Bf6 {[%clk 1:09:03]} 29. Rg1
{[%clk 0:23:26]} Kf7 {[%clk 1:09:11]} 30. Kg3 {[%clk 0:23:28]} c5
{[%clk 1:08:41]} 31. Bc1 {[%clk 0:23:32]} Rg8 {[%clk 1:08:57]} 32. Kf4
{[%clk 0:21:05]} 0-1

[Event "Portugal Open 2020"]
[Site "Lisboa POR"]
[Date "2020.01.31"]
[Round "8.34"]
[White "SANTOS, Jose Guilherme"]
[Black "SISMEIRO, Miguel"]
[Result "0-1"]
[BlackElo "2026"]
[WhiteElo "2211"]
[LiveChessVersion "1.4.8"]

1. c4 {[%clk 1:30:30]} Nf6 {[%clk 1:30:41]} 2. Nc3 {[%clk 1:30:45]} e5
{[%clk 1:30:02]} 3. Nf3 {[%clk 1:31:07]} Nc6 {[%clk 1:30:26]} 4. e4
{[%clk 1:31:33]} d6 {[%clk 1:29:53]} 5. d4 {[%clk 1:30:52]} exd4 {[%clk 1:26:21]}
6. Nxd4 {[%clk 1:31:07]} Be7 {[%clk 1:24:21]} 7. Be2 {[%clk 1:30:11]} O-O
{[%clk 1:24:28]} 8. Nc2 {[%clk 1:27:49]} Re8 {[%clk 1:19:14]} 9. O-O
{[%clk 1:26:30]} Bf8 {[%clk 1:19:20]} 10. f3 {[%clk 1:26:03]} a5 {[%clk 1:14:57]}
11. b3 {[%clk 1:21:33]} Nd7 {[%clk 1:12:29]} 12. Bb2 {[%clk 1:17:24]} Nc5
{[%clk 1:08:09]} 13. Nd5 {[%clk 1:14:15]} Nb8 {[%clk 0:45:56]} 14. Qd2
{[%clk 1:05:42]} c6 {[%clk 0:42:44]} 15. Nde3 {[%clk 1:02:25]} Nba6
{[%clk 0:35:31]} 16. Bc3 {[%clk 0:54:23]} b6 {[%clk 0:26:02]} 17. Nd4
{[%clk 0:54:01]} Qc7 {[%clk 0:25:40]} 18. Rad1 {[%clk 0:48:04]} Bb7
{[%clk 0:24:36]} 19. a3 {[%clk 0:35:04]} Rad8 {[%clk 0:22:11]} 20. b4
{[%clk 0:31:10]} axb4 {[%clk 0:22:25]} 21. axb4 {[%clk 0:31:30]} Ne6
{[%clk 0:22:11]} 22. Ndf5 {[%clk 0:29:45]} Rd7 {[%clk 0:14:44]} 23. Rfe1
{[%clk 0:28:49]} Qd8 {[%clk 0:10:22]} 24. e5 {[%clk 0:20:03]} Qg5
{[%clk 0:07:53]} 25. h4 {[%clk 0:15:45]} Qg6 {[%clk 0:07:58]} 26. Bd3
{[%clk 0:12:59]} dxe5 {[%clk 0:07:32]} 27. Qc2 {[%clk 0:08:33]} Rxd3
{[%clk 0:06:10]} 28. Qxd3 {[%clk 0:08:56]} Bc8 {[%clk 0:00:34]} 29. Nd6
{[%clk 0:03:45]} Qxd3 {[%clk 0:00:50]} 30. Rxd3 {[%clk 0:04:13]} Rd8
{[%clk 0:00:56]} 31. Red1 {[%clk 0:04:02]} Nf4 {[%clk 0:00:57]} 32. R3d2
{[%clk 0:03:38]} Rxd6 {[%clk 0:00:31]} 33. Rxd6 {[%clk 0:04:02]} Ne2+
{[%clk 0:00:59]} 34. Kf2 {[%clk 0:03:42]} Nxc3 {[%clk 0:01:27]} 35. R1d3
{[%clk 0:04:08]} Nxb4 {[%clk 0:01:29]} 36. Rd2 {[%clk 0:01:44]} Nb1
{[%clk 0:01:51]} 37. Rd8 {[%clk 0:01:18]} Nxd2 {[%clk 0:02:00]} 38. Rxc8
{[%clk 0:01:47]} g6 {[%clk 0:00:55]} 39. Ke2 {[%clk 0:01:48]} Nb3
{[%clk 0:00:56]} 40. Ng4 {[%clk 0:01:55]} Kg7 {[%clk 0:00:34]} 41. Nxe5
{[%clk 0:02:19]} Bd6 {[%clk 0:00:56]} 42. f4 {[%clk 0:01:08]} Nd4+
{[%clk 0:01:02]} 43. Ke3 {[%clk 0:01:08]} Nf5+ {[%clk 0:00:54]} 44. Ke4
{[%clk 0:01:14]} Nxh4 {[%clk 0:00:37]} 45. g3 {[%clk 0:01:42]} Nf5
{[%clk 0:00:52]} 46. g4 {[%clk 0:02:10]} Ne7 {[%clk 0:00:48]} 47. Rd8
{[%clk 0:02:18]} f5+ {[%clk 0:00:41]} 48. gxf5 {[%clk 0:02:30]} gxf5+
{[%clk 0:01:09]} 49. Kf3 {[%clk 0:02:53]} Bxe5 {[%clk 0:01:02]} 50. fxe5
{[%clk 0:03:19]} Ng6 {[%clk 0:00:44]} 51. e6 {[%clk 0:01:35]} Kf6
{[%clk 0:00:59]} 52. Rb8 {[%clk 0:00:40]} Nd3 {[%clk 0:00:59]} 53. Rxb6
{[%clk 0:00:37]} Nde5+ {[%clk 0:01:25]} 54. Kf2 {[%clk 0:00:57]} Kxe6
{[%clk 0:01:49]} 55. Rb7 {[%clk 0:01:12]} h5 {[%clk 0:02:06]} 56. Rh7
{[%clk 0:01:25]} h4 {[%clk 0:02:33]} 57. c5 {[%clk 0:01:51]} Kd5 {[%clk 0:02:43]}
0-1

[Event "Portugal Open 2020"]
[Site "Lisboa POR"]
[Date "2020.01.31"]
[Round "8.35"]
[White "PASTOR ALONSO DE PRADO, Alberto"]
[Black "JARACZ, Barbara"]
[Result "1/2-1/2"]
[BlackElo "2200"]
[WhiteElo "2074"]
[LiveChessVersion "1.4.8"]

1. e4 {[%clk 1:30:52]} e5 {[%clk 1:30:37]} 2. Nf3 {[%clk 1:30:34]} Nc6
{[%clk 1:29:42]} 3. Nc3 {[%clk 1:30:36]} Nf6 {[%clk 1:29:47]} 4. Bb5
{[%clk 1:30:33]} Bd6 {[%clk 1:29:36]} 5. Bxc6 {[%clk 1:29:37]} dxc6
{[%clk 1:29:55]} 6. d4 {[%clk 1:30:01]} exd4 {[%clk 1:25:36]} 7. Qxd4
{[%clk 1:30:18]} O-O {[%clk 1:25:50]} 8. Bg5 {[%clk 1:26:02]} h6 {[%clk 1:06:02]}
9. Bh4 {[%clk 1:23:15]} g5 {[%clk 0:57:55]} 10. Bg3 {[%clk 1:23:37]} Bxg3
{[%clk 0:57:54]} 11. hxg3 {[%clk 1:23:52]} Qxd4 {[%clk 0:58:00]} 12. Nxd4
{[%clk 1:24:12]} Kg7 {[%clk 0:58:02]} 13. f3 {[%clk 1:21:02]} Bd7
{[%clk 0:56:01]} 14. O-O-O {[%clk 1:14:34]} Rfe8 {[%clk 0:52:55]} 15. g4
{[%clk 1:13:00]} a6 {[%clk 0:50:19]} 16. Rhe1 {[%clk 1:06:49]} Rad8
{[%clk 0:42:31]} 17. Nf5+ {[%clk 0:59:16]} Bxf5 {[%clk 0:41:58]} 18. Rxd8
{[%clk 0:59:39]} Rxd8 {[%clk 0:42:13]} 19. gxf5 {[%clk 1:00:03]} h5
{[%clk 0:35:19]} 20. e5 {[%clk 0:55:16]} Nd5 {[%clk 0:30:27]} 21. Rd1
{[%clk 0:55:39]} b5 {[%clk 0:26:32]} 22. b4 {[%clk 0:54:10]} h4 {[%clk 0:23:35]}
23. a3 {[%clk 0:53:47]} f6 {[%clk 0:21:06]} 24. e6 {[%clk 0:51:57]} Kf8
{[%clk 0:21:30]} 25. Kb2 {[%clk 0:49:04]} Ke7 {[%clk 0:21:41]} 26. Nxd5+
{[%clk 0:49:29]} cxd5 {[%clk 0:21:50]} 27. Kc3 {[%clk 0:49:45]} Kd6
{[%clk 0:13:11]} 28. Kd4 {[%clk 0:50:08]} g4 {[%clk 0:08:13]} 29. Rh1
{[%clk 0:39:28]} gxf3 {[%clk 0:08:11]} 30. gxf3 {[%clk 0:37:42]} Rh8
{[%clk 0:08:19]} 31. f4 {[%clk 0:24:32]} h3 {[%clk 0:08:05]} 32. Ke3
{[%clk 0:24:07]} h2 {[%clk 0:05:49]} 33. Kf3 {[%clk 0:24:23]} d4 {[%clk 0:03:44]}
34. Kg3 {[%clk 0:24:36]} Rh5 {[%clk 0:03:19]} 35. Rxh2 {[%clk 0:24:42]} Rxf5
{[%clk 0:03:46]} 36. Kg4 {[%clk 0:22:43]} Rd5 {[%clk 0:03:57]} 37. Re2
{[%clk 0:22:12]} f5+ {[%clk 0:03:43]} 38. Kg5 {[%clk 0:21:18]} Ke7
{[%clk 0:04:09]} 39. Kg6 {[%clk 0:21:01]} c5 {[%clk 0:04:19]} 40. bxc5
{[%clk 0:19:58]} Rxc5 {[%clk 0:04:46]} 41. Kg5 {[%clk 0:20:19]} a5
{[%clk 0:04:54]} 42. Re1 {[%clk 0:18:01]} Rd5 {[%clk 0:02:50]} 43. Kg6
{[%clk 0:17:43]} b4 {[%clk 0:02:36]} 44. axb4 {[%clk 0:17:48]} axb4
{[%clk 0:03:03]} 45. Rb1 {[%clk 0:17:55]} Rb5 {[%clk 0:02:35]} 46. Rd1
{[%clk 0:18:07]} Rd5 {[%clk 0:02:05]} 47. Rb1 {[%clk 0:18:33]} Rb5
{[%clk 0:02:09]} 48. Rd1 {[%clk 0:18:56]} Rd5 {[%clk 0:01:54]} 1/2-1/2

[Event "Portugal Open 2020"]
[Site "Lisboa POR"]
[Date "2020.01.31"]
[Round "8.37"]
[White "HULSHOF, Peter"]
[Black "GUIA, Artur"]
[Result "1-0"]
[BlackElo "1928"]
[WhiteElo "2192"]
[LiveChessVersion "1.4.8"]

1. e4 {[%clk 1:31:18]} e5 {[%clk 1:20:11]} 2. Nf3 {[%clk 1:31:39]} Nc6
{[%clk 1:20:33]} 3. Nc3 {[%clk 1:31:39]} Nf6 {[%clk 1:20:58]} 4. g3
{[%clk 1:32:01]} Bc5 {[%clk 1:21:14]} 5. Bg2 {[%clk 1:32:23]} O-O
{[%clk 1:21:06]} 6. O-O {[%clk 1:32:44]} d6 {[%clk 1:21:28]} 7. d3
{[%clk 1:33:07]} a6 {[%clk 1:21:49]} 8. Bg5 {[%clk 1:27:47]} h6 {[%clk 1:21:34]}
9. Bh4 {[%clk 1:24:41]} Bg4 {[%clk 1:07:02]} 10. Qd2 {[%clk 1:23:55]} Bxf3
{[%clk 1:03:34]} 11. Bxf6 {[%clk 1:23:20]} Qxf6 {[%clk 1:02:17]} 12. Nd5
{[%clk 1:23:43]} Qg5 {[%clk 0:59:19]} 13. Qxg5 {[%clk 1:23:40]} hxg5
{[%clk 0:59:43]} 14. Bxf3 {[%clk 1:24:04]} Nd4 {[%clk 0:58:33]} 15. Bd1
{[%clk 1:24:17]} c6 {[%clk 0:57:56]} 16. Ne3 {[%clk 1:17:24]} Rfd8
{[%clk 0:46:20]} 17. c3 {[%clk 1:08:14]} Ne6 {[%clk 0:45:06]} 18. Bb3
{[%clk 1:08:35]} Nc7 {[%clk 0:41:28]} 19. Kg2 {[%clk 1:07:38]} g6
{[%clk 0:37:24]} 20. Rad1 {[%clk 1:06:07]} Kg7 {[%clk 0:33:41]} 21. Nc2
{[%clk 0:59:37]} a5 {[%clk 0:31:31]} 22. a4 {[%clk 0:59:05]} Bb6 {[%clk 0:28:53]}
23. d4 {[%clk 0:56:41]} f5 {[%clk 0:25:49]} 24. f3 {[%clk 0:51:49]} f4
{[%clk 0:25:34]} 25. Rfe1 {[%clk 0:43:37]} Kf6 {[%clk 0:24:37]} 26. Rd2
{[%clk 0:41:50]} Ke7 {[%clk 0:24:07]} 27. Red1 {[%clk 0:41:18]} Ne8
{[%clk 0:23:08]} 28. Ne1 {[%clk 0:36:13]} Kf6 {[%clk 0:21:24]} 29. dxe5+
{[%clk 0:35:29]} dxe5 {[%clk 0:21:41]} 30. Rd7 {[%clk 0:35:49]} g4
{[%clk 0:20:19]} 31. Rf7+ {[%clk 0:30:10]} Kg5 {[%clk 0:20:45]} 32. fxg4 Kxg4
{[%clk 0:20:33]} 33. Nf3 {[%clk 0:25:47]} 1-0

[Event "Portugal Open 2020"]
[Site "Lisboa POR"]
[Date "2020.01.31"]
[Round "8.38"]
[White "RUIZ VINALS, Matias"]
[Black "REIS, Luis Sousa"]
[Result "0-1"]
[BlackElo "2187"]
[WhiteElo "1964"]
[LiveChessVersion "1.4.8"]

1. Nf3 {[%clk 1:30:56]} d5 {[%clk 1:26:03]} 2. c4 {[%clk 1:30:56]} d4
{[%clk 1:25:59]} 3. e3 {[%clk 1:31:00]} c5 {[%clk 1:24:34]} 4. exd4
{[%clk 1:30:52]} cxd4 {[%clk 1:24:33]} 5. d3 {[%clk 1:31:03]} e5 {[%clk 1:22:17]}
6. g3 {[%clk 1:30:21]} Nc6 {[%clk 1:10:14]} 7. Bg2 {[%clk 1:30:37]} Bb4+
{[%clk 1:03:34]} 8. Bd2 {[%clk 1:28:49]} a5 {[%clk 0:59:11]} 9. O-O
{[%clk 1:26:26]} Nge7 {[%clk 0:50:48]} 10. Bxb4 {[%clk 1:20:01]} axb4
{[%clk 0:50:31]} 11. a4 {[%clk 1:20:12]} O-O {[%clk 0:45:35]} 12. Nbd2
{[%clk 1:18:30]} Bf5 {[%clk 0:42:01]} 13. Qc2 {[%clk 1:14:08]} Ng6
{[%clk 0:33:01]} 14. Rfe1 {[%clk 1:12:09]} Re8 {[%clk 0:26:43]} 15. c5
{[%clk 1:10:46]} Qa5 {[%clk 0:22:34]} 16. Ng5 {[%clk 1:07:27]} Re7
{[%clk 0:10:46]} 17. Nde4 {[%clk 1:05:31]} h6 {[%clk 0:09:01]} 18. Nd6
{[%clk 1:04:46]} Bxd3 {[%clk 0:04:47]} 19. Qxd3 {[%clk 1:04:46]} hxg5
{[%clk 0:05:04]} 20. Nxb7 {[%clk 1:00:16]} Rxb7 {[%clk 0:04:02]} 21. Bxc6
{[%clk 1:00:38]} Rc7 {[%clk 0:03:23]} 22. Bxa8 {[%clk 1:00:22]} Qxa8
{[%clk 0:03:47]} 23. Qc4 {[%clk 0:56:35]} Qc8 {[%clk 0:02:13]} 24. Rac1
{[%clk 0:55:40]} Qg4 {[%clk 0:02:04]} 25. Qe2 {[%clk 0:55:07]} Qd7
{[%clk 0:00:39]} 26. Qb5 {[%clk 0:51:44]} Qg4 {[%clk 0:00:58]} 27. Qe2
{[%clk 0:43:26]} Qd7 {[%clk 0:01:17]} 28. a5 {[%clk 0:40:23]} d3 {[%clk 0:00:50]}
29. Qd2 {[%clk 0:40:40]} Qd4 {[%clk 0:00:52]} 30. Re3 {[%clk 0:39:48]} e4
{[%clk 0:01:02]} 31. a6 {[%clk 0:32:44]} Ne5 {[%clk 0:01:14]} 32. h3
{[%clk 0:31:40]} Rxc5 {[%clk 0:00:47]} 33. Rxc5 {[%clk 0:28:29]} Qxc5
{[%clk 0:01:07]} 34. Kg2 {[%clk 0:27:52]} Nc4 {[%clk 0:00:57]} 35. Qe1
{[%clk 0:22:39]} d2 {[%clk 0:00:57]} 36. Qe2 {[%clk 0:22:53]} Nxe3+
{[%clk 0:00:55]} 37. fxe3 {[%clk 0:23:09]} Qc2 {[%clk 0:00:42]} 38. a7
{[%clk 0:20:39]} d1=Q {[%clk 0:00:57]} 39. a8=Q+ {[%clk 0:20:51]} Kh7
{[%clk 0:01:19]} 40. Qxc2 {[%clk 0:20:27]} Qxc2+ {[%clk 0:01:43]} 41. Kf1
{[%clk 0:18:13]} Qb1+ {[%clk 0:02:05]} 42. Kf2 {[%clk 0:16:16]} Qxb2+
{[%clk 0:02:21]} 43. Kf1 {[%clk 0:16:32]} Qc1+ {[%clk 0:02:39]} 44. Ke2
{[%clk 0:16:51]} Qc2+ {[%clk 0:02:57]} 45. Ke1 {[%clk 0:17:12]} Qc3+
{[%clk 0:03:07]} 46. Kf2 {[%clk 0:17:09]} Qd2+ {[%clk 0:03:01]} 47. Kf1
{[%clk 0:17:31]} Qd1+ {[%clk 0:03:23]} 48. Kf2 {[%clk 0:17:27]} Qf3+
{[%clk 0:03:46]} 49. Kg1 {[%clk 0:17:50]} b3 {[%clk 0:01:30]} 50. Qb7
{[%clk 0:17:05]} Qd1+ {[%clk 0:01:40]} 51. Kg2 {[%clk 0:16:56]} Qc2+
{[%clk 0:01:59]} 0-1

[Event "Portugal Open 2020"]
[Site "Lisboa POR"]
[Date "2020.01.31"]
[Round "8.39"]
[White "COSTA, Paulo"]
[Black "MARTINS, Diogo"]
[Result "0-1"]
[BlackElo "1998"]
[WhiteElo "2179"]
[LiveChessVersion "1.4.8"]

1. Nf3 {[%clk 1:30:59]} g6 {[%clk 1:28:03]} 2. g3 {[%clk 1:30:58]} Nf6
{[%clk 1:27:57]} 3. b3 {[%clk 1:29:55]} Bg7 {[%clk 1:24:52]} 4. Bb2
{[%clk 1:29:30]} O-O {[%clk 1:24:27]} 5. Bg2 {[%clk 1:28:59]} c5 {[%clk 1:24:37]}
6. c4 {[%clk 1:28:26]} Nc6 {[%clk 1:24:40]} 7. O-O {[%clk 1:28:31]} d5
{[%clk 1:24:40]} 8. cxd5 {[%clk 1:28:27]} Nxd5 {[%clk 1:24:28]} 9. Bxg7
{[%clk 1:25:52]} Kxg7 {[%clk 1:24:53]} 10. Qc1 {[%clk 1:24:53]} b6
{[%clk 1:19:49]} 11. d4 {[%clk 1:18:17]} Nxd4 {[%clk 1:15:36]} 12. Nxd4
{[%clk 1:18:30]} cxd4 {[%clk 1:16:01]} 13. Qc4 {[%clk 1:18:51]} Be6
{[%clk 1:10:49]} 14. Qxd4+ {[%clk 1:19:07]} Nf6 {[%clk 1:10:57]} 15. Qb2
{[%clk 1:15:30]} Rc8 {[%clk 1:08:09]} 16. Nd2 {[%clk 1:14:40]} Qd7
{[%clk 1:04:17]} 17. Ne4 {[%clk 1:09:41]} Rfd8 {[%clk 1:03:42]} 18. e3
{[%clk 0:57:20]} Bd5 {[%clk 0:54:41]} 19. Rfd1 {[%clk 0:37:26]} Qf5
{[%clk 0:52:34]} 20. Rxd5 {[%clk 0:36:35]} Rxd5 {[%clk 0:51:57]} 21. Nxf6
{[%clk 0:32:12]} exf6 {[%clk 0:52:15]} 22. Bxd5 {[%clk 0:30:38]} Rc2
{[%clk 0:51:20]} 23. Qxc2 {[%clk 0:30:06]} Qxc2 {[%clk 0:51:44]} 24. a4
{[%clk 0:29:57]} f5 {[%clk 0:47:51]} 25. Kg2 {[%clk 0:29:21]} g5 {[%clk 0:44:26]}
26. Bc4 {[%clk 0:28:58]} Qd2 {[%clk 0:44:00]} 27. h3 {[%clk 0:28:09]} h5
{[%clk 0:41:23]} 28. h4 {[%clk 0:24:29]} f4 {[%clk 0:39:28]} 29. exf4
{[%clk 0:24:07]} gxh4 {[%clk 0:38:33]} 30. Rh1 {[%clk 0:22:36]} hxg3
{[%clk 0:38:14]} 31. Kxg3 {[%clk 0:23:05]} Kg6 {[%clk 0:35:50]} 32. Rh3
{[%clk 0:22:28]} f5 {[%clk 0:25:51]} 33. Kf3 {[%clk 0:22:35]} Kf6
{[%clk 0:22:32]} 34. Rh4 {[%clk 0:16:52]} Ke7 {[%clk 0:18:53]} 35. Kg2
{[%clk 0:16:48]} Qd1 {[%clk 0:17:56]} 36. f3 {[%clk 0:14:41]} Qd2+
{[%clk 0:17:22]} 37. Kf1 {[%clk 0:14:24]} Qc1+ {[%clk 0:14:34]} 38. Kf2
{[%clk 0:14:07]} Qb2+ {[%clk 0:14:30]} 39. Kg3 {[%clk 0:13:39]} Qd4
{[%clk 0:13:23]} 40. Kg2 {[%clk 0:12:24]} Qg7+ {[%clk 0:12:10]} 41. Kf2
{[%clk 0:12:44]} Qh6 {[%clk 0:11:55]} 42. Kg3 {[%clk 0:13:05]} Kd6
{[%clk 0:11:56]} 43. Rh1 {[%clk 0:12:37]} Kc5 {[%clk 0:11:30]} 44. Rh2
{[%clk 0:10:15]} Kb4 {[%clk 0:11:47]} 45. Rh1 {[%clk 0:09:52]} Ka5
{[%clk 0:10:13]} 46. Rh2 {[%clk 0:08:23]} a6 {[%clk 0:10:21]} 47. Bf1
{[%clk 0:05:19]} Qg7+ {[%clk 0:09:29]} 48. Kh3 {[%clk 0:04:24]} Qg1
{[%clk 0:08:36]} 49. Bc4 {[%clk 0:03:55]} h4 {[%clk 0:07:27]} 0-1